000 00483nam a2200169 i 4500
001 81849
003 ES-MaACL
005 20230906174526.0
007 t|
008 041108s1962 sp ||||1| spa d
100 1 _aIglesias, Juan.
_965083
245 1 0 _aDerecho romano
_b: instituciones de Derecho privado /
_cJuan Iglesias.
250 _a4ยช ed. rev. y aum.
260 _aBarcelona :
_bAriel,
_c[1962]
300 _aXXII, 703 p. ;
_c25 cm.
852 _aES-MaACL
_jC-22511
_bR.51197
999 _c81849
_d81849